[Event "15th Delhi Open 2017"]
[Site "New Delhi IND"]
[Date "2017.01.13"]
[Round "7.31"]
[White "Aditya, Mittal"]
[Black "Rajesh, V A V"]
[Result "0-1"]
[WhiteTitle "CM"]
[BlackTitle "IM"]
[WhiteElo "2068"]
[BlackElo "2331"]
[WhiteFideId "35042025"]
[BlackFideId "5029317"]
[EventDate "2017.01.09"]

1. d4 Nf6 2. c4 g6 3. Nc3 d5 4. cxd5 Nxd5 5. Bd2 Bg7 6. e4 Nb6 7. Be3 O-O 8. f4
a5 9. Rc1 c6 10. h3 Be6 11. Nf3 a4 12. Qc2 Bc4 13. Be2 Na6 14. a3 Bb3 15. Qb1
Nc7 16. Kf2 Ne6 17. Rcd1 Qc7 18. d5 Bxc3 19. dxe6 Bg7 20. exf7+ Rxf7 21. Rc1
Raf8 22. g4 Rxf4 23. Bxf4 Qxf4 24. Qd3 Be5 25. Qe3 Qg3+ 26. Kf1 Nc8 27. Qf2 Qf4
28. Kg2 Nd6 29. Bd3 Bxb2 30. Rcf1 Bc4 31. Qxb2 Bxd3 32. Nd2 Bxf1+ 33. Rxf1 Qe3
34. Rxf8+ Kxf8 35. Qh8+ Kf7 36. Qxh7+ Kf6 37. Qh4+ Ke6 38. Nf3 Nxe4 39. Ng1 Kd7
40. Kh1 Qxa3 41. g5 Qe3 0-1

[Event "15th Delhi Open 2017"]
[Site "New Delhi IND"]
[Date "2017.01.14"]
[Round "8.1"]
[White "Sivuk, Vitaly"]
[Black "Amonatov, Farrukh"]
[Result "0-1"]
[WhiteTitle "GM"]
[BlackTitle "GM"]
[WhiteElo "2540"]
[BlackElo "2619"]
[WhiteFideId "14116502"]
[BlackFideId "14700077"]
[EventDate "2017.01.09"]

1. e4 c5 2. Nf3 d6 3. d4 cxd4 4. Nxd4 Nf6 5. f3 e5 6. Nb3 Nc6 7. Nc3 Be7 8. Be3
Be6 9. Nd5 Bxd5 10. exd5 Nb4 11. c4 a5 12. Qd2 b6 13. Be2 O-O 14. O-O Na6 15.
Rac1 Nh5 16. Kh1 Nc5 17. Nxc5 bxc5 18. Rc3 f5 19. Rb3 Bh4 20. g4 fxg4 21. fxg4
Rxf1+ 22. Bxf1 Qf6 23. Qg2 Nf4 24. Qe4 Rf8 25. Bd2 Ng6 26. Be2 Bg5 27. Rf3 Bf4
28. Be1 Qg5 29. h3 Nh4 30. Bxh4 Qxh4 31. Bd3 g6 32. Kg2 Kg7 33. Bc2 Rb8 34. b3
Rf8 35. a4 Qg5 36. Kf1 h5 37. gxh5 Qxh5 38. Qe2 Qg5 39. Be4 Rh8 40. Qg2 Rh4 41.
Qxg5 Bxg5 42. Bc2 Bf4 43. Ke2 Kf6 44. Be4 g5 45. Kd3 g4 46. hxg4 Rxg4 47. Rh3
Rg1 48. Rh5 Re1 49. Rf5+ Kg7 50. Bg2 Re3+ 0-1

[Event "15th Delhi Open 2017"]
[Site "New Delhi IND"]
[Date "2017.01.14"]
[Round "8.2"]
[White "Karthikeyan, Murali"]
[Black "Ghosh, Diptayan"]
[Result "1/2-1/2"]
[WhiteTitle "GM"]
[BlackTitle "GM"]
[WhiteElo "2564"]
[BlackElo "2570"]
[WhiteFideId "5074452"]
[BlackFideId "5045207"]
[EventDate "2017.01.09"]

1. e4 e5 2. Nf3 Nc6 3. Bb5 a6 4. Ba4 Nf6 5. O-O Be7 6. Re1 b5 7. Bb3 d6 8. a4
Bg4 9. c3 O-O 10. h3 Bxf3 11. Qxf3 Na5 12. Bc2 c5 13. axb5 axb5 14. d3 Nd7 15.
Nd2 Bg5 16. Nf1 Bxc1 17. Rexc1 Nc6 18. Ne3 Ne7 19. Bb3 Nb6 20. h4 Rxa1 21. Rxa1
Qc7 22. Ra5 c4 23. Ba2 Qc6 24. dxc4 bxc4 25. h5 h6 26. Ra7 Nbc8 27. Ra5 Nb6 28.
Ra7 Nbc8 29. Ra3 Nb6 30. b4 cxb3 31. Bxb3 Qc5 32. Ra7 Nbc8 33. Rd7 Qb5 34. Bxf7+
Kh8 35. Bc4 Qb1+ 36. Qd1 Qxe4 37. Bd3 Qh4 38. Qe2 e4 39. Bc2 Ng8 40. Qg4 Qxf2+
41. Kh1 Nce7 42. Qxe4 Nf6 43. Qd3 Qe1+ 44. Nf1 Nc6 45. Rxg7 Kxg7 46. Qg6+ Kh8 1/2-1/2

[Event "15th Delhi Open 2017"]
[Site "New Delhi IND"]
[Date "2017.01.14"]
[Round "8.3"]
[White "Dzhumaev, Marat"]
[Black "David, Alberto"]
[Result "1-0"]
[WhiteTitle "GM"]
[BlackTitle "GM"]
[WhiteElo "2457"]
[BlackElo "2569"]
[WhiteFideId "14200236"]
[BlackFideId "4000013"]
[EventDate "2017.01.09"]

1. e4 Nf6 2. e5 Nd5 3. c4 Nb6 4. d4 d6 5. f4 dxe5 6. fxe5 Bf5 7. Nc3 e6 8. Be3
Nc6 9. Be2 Be7 10. Nf3 O-O 11. O-O f6 12. exf6 Bxf6 13. Qd2 Qe7 14. Rad1 Rad8
15. Qc1 Kh8 16. h3 Bg6 17. b3 Rd7 18. d5 exd5 19. Nxd5 Nxd5 20. cxd5 Nb4 21. Bc5
Qxe2 22. Bxf8 Nd3 23. Qc4 Qe3+ 24. Kh2 a6 25. Ba3 h5 26. Bc1 Qe4 27. Bg5 Be5+
28. Nxe5 Qxe5+ 29. Bf4 Qe2 30. Rde1 Qxa2 31. Re6 Bf7 32. Bg3 Qd2 33. d6 c6 34.
Rxf7 1-0

[Event "15th Delhi Open 2017"]
[Site "New Delhi IND"]
[Date "2017.01.14"]
[Round "8.4"]
[White "Sunilduth Lyna, Narayanan"]
[Black "Nguyen, Huynh Minh Huy"]
[Result "1/2-1/2"]
[WhiteTitle "GM"]
[BlackTitle "GM"]
[WhiteElo "2541"]
[BlackElo "2448"]
[WhiteFideId "5058422"]
[BlackFideId "12401269"]
[EventDate "2017.01.09"]

1. d4 d5 2. c4 c6 3. Nc3 Nf6 4. e3 e6 5. Bd3 Nbd7 6. cxd5 cxd5 7. Bd2 a6 8. Nge2
Bd6 9. f3 O-O 10. O-O b5 11. Kh1 Bb7 12. a3 Qb8 13. Qe1 Re8 14. Qh4 Nf8 15. Rae1
Bc6 16. Nf4 a5 17. e4 b4 18. e5 Be7 19. exf6 Bxf6 20. Qf2 bxc3 21. bxc3 Be7 22.
Ra1 a4 23. Nh5 g6 24. Bf4 1/2-1/2

[Event "15th Delhi Open 2017"]
[Site "New Delhi IND"]
[Date "2017.01.14"]
[Round "8.5"]
[White "Horvath, Adam1"]
[Black "Navalgund, Niranjan"]
[Result "0-1"]
[WhiteTitle "GM"]
[WhiteElo "2499"]
[BlackElo "2207"]
[WhiteFideId "708003"]
[BlackFideId "5030854"]
[EventDate "2017.01.09"]

1. e4 e5 2. Nf3 Nc6 3. Nc3 Nf6 4. Bb5 Bb4 5. O-O O-O 6. d3 d6 7. Ne2 Ne7 8. c3
Ba5 9. Ng3 Ng6 10. d4 Bb6 11. Be3 d5 12. Nxe5 Nxe5 13. dxe5 Nxe4 14. Nxe4 dxe4
15. Bf4 Qh4 16. Bg3 Qg5 17. Kh1 Bf5 18. Qe1 f6 19. a4 a5 20. Bc4+ Kh8 21. Bd5 e3
22. Bxb7 Rab8 23. Bc6 fxe5 24. Bb5 c6 25. Bc4 Bg6 26. f3 Rbe8 27. Rd1 e4 28. f4
Qc5 29. b3 Rd8 30. Bh4 Rd3 31. Qe2 Qd6 32. g4 Rxf4 33. Bg3 Rxf1+ 34. Rxf1 Qd8
35. Bh4 Qd6 36. Bg3 Qe7 37. Bh4 Qe8 38. Qg2 Bc7 39. Be1 e2 40. Qxe2 Rh3 41. Kg1
Rxh2 42. Qe3 Bd6 43. Qd4 Qe7 44. b4 e3 45. Bd3 Bxd3 46. Qxd3 Qe5 47. Rf5 Rh1+
48. Kg2 Qh2+ 49. Kf3 Rxe1 50. Ke4 Qh1+ 51. Rf3 Rd1 52. Qa6 Be7 53. Qxc6 Rd8 54.
Qc7 e2 0-1

[Event "15th Delhi Open 2017"]
[Site "New Delhi IND"]
[Date "2017.01.14"]
[Round "8.6"]
[White "Saptarshi, Roy"]
[Black "Czebe, Attila"]
[Result "1-0"]
[WhiteTitle "IM"]
[BlackTitle "GM"]
[WhiteElo "2418"]
[BlackElo "2491"]
[WhiteFideId "5008980"]
[BlackFideId "705268"]
[EventDate "2017.01.09"]

1. e4 g6 2. d4 Bg7 3. Nc3 Nc6 4. d5 Nb8 5. Be3 d6 6. Qd2 c6 7. Nf3 Nf6 8. h3 O-O
9. O-O-O b5 10. dxc6 b4 11. Nd5 Nxc6 12. Nxf6+ Bxf6 13. Nd4 Bb7 14. f3 Qa5 15.
Kb1 Rac8 16. h4 Nxd4 17. Bxd4 Bxd4 18. Qxd4 e5 19. Qd2 d5 20. Bd3 dxe4 21. fxe4
f5 22. Qh6 fxe4 23. Bc4+ Rxc4 24. Rd7 Rf7 25. Rxf7 Kxf7 26. Qxh7+ Ke6 27. Qg8+
Ke7 28. Qg7+ Kd6 29. Qxb7 Qb6 30. Qf7 Kc5 31. h5 gxh5 32. Rxh5 Qd6 33. Qxa7+ Kb5
34. Qb7+ Ka5 35. Rh1 Rd4 36. Rc1 Qb6 37. Qa8+ Qa6 38. Qxa6+ Kxa6 39. c3 Rd2 40.
cxb4 Rxg2 41. Rc3 Kb6 42. a3 Rf2 43. Rc5 Rf5 44. Kc2 Rh5 45. Kd2 Rh2+ 46. Kc3
Rh5 47. a4 e3 48. a5+ Ka6 49. Kd3 Rh4 50. Rxe5 Rxb4 51. Kc3 Ra4 52. b4 Ra3+ 53.
Kc4 Kb7 54. Kd4 Rb3 55. b5 Kc7 56. Kc4 Ra3 57. Kb4 Rd3 58. a6 Kd6 59. Re8 Kd5 1-0

[Event "15th Delhi Open 2017"]
[Site "New Delhi IND"]
[Date "2017.01.14"]
[Round "8.7"]
[White "Swayams, Mishra"]
[Black "Murshed, Niaz"]
[Result "1-0"]
[WhiteTitle "IM"]
[BlackTitle "GM"]
[WhiteElo "2491"]
[BlackElo "2444"]
[WhiteFideId "5028183"]
[BlackFideId "10200010"]
[EventDate "2017.01.09"]

1. d4 d5 2. c4 e6 3. Nf3 Nf6 4. Nc3 Bb4 5. Qa4+ Nc6 6. e3 O-O 7. Bd2 dxc4 8.
Bxc4 a6 9. a3 Bd6 10. Qc2 Bd7 11. O-O e5 12. d5 Ne7 13. e4 b5 14. Be2 h6 15.
Rfd1 Qb8 16. h3 Rc8 17. Qd3 c6 18. dxc6 Rxc6 19. Nh4 Be6 20. Qf3 b4 21. axb4
Bxb4 22. Rdc1 Rd6 23. Bxh6 gxh6 24. Qxf6 Bxh3 25. Qf3 Bxc3 26. bxc3 Bd7 27. Bc4
Be6 28. Bf1 a5 29. Qg3+ Kh7 30. Qxe5 a4 31. Nf5 Bxf5 32. exf5 Nc6 33. Qe4 a3 34.
Rcb1 Qd8 35. Rb7 Qf6 36. Bc4 Ne5 37. Bxf7 Kh8 38. Bg6 a2 1-0

[Event "15th Delhi Open 2017"]
[Site "New Delhi IND"]
[Date "2017.01.14"]
[Round "8.8"]
[White "Visakh, N R"]
[Black "Grover, Sahaj"]
[Result "1-0"]
[WhiteTitle "IM"]
[BlackTitle "GM"]
[WhiteElo "2453"]
[BlackElo "2467"]
[WhiteFideId "25012223"]
[BlackFideId "5021103"]
[EventDate "2017.01.09"]

1. e4 c5 2. Nf3 d6 3. d4 cxd4 4. Nxd4 Nf6 5. Nc3 a6 6. Bc4 e6 7. O-O Nc6 8. Nxc6
bxc6 9. Qf3 Be7 10. e5 dxe5 11. Qxc6+ Bd7 12. Qf3 O-O 13. Re1 Qc7 14. Qe2 Bc6
15. Bxa6 e4 16. Bb5 Bb7 17. Bg5 Qe5 18. Bxf6 Bxf6 19. a4 Rfc8 20. a5 Rc5 21. a6
Bc8 22. Ra4 Qb8 23. Bc4 Bxc3 24. bxc3 f5 25. Rea1 Qb2 26. R4a3 Qb6 27. h4 Qc6
28. Ra4 f4 29. Bb3 Rxa6 1-0

[Event "15th Delhi Open 2017"]
[Site "New Delhi IND"]
[Date "2017.01.14"]
[Round "8.9"]
[White "Rakesh, Kumar Jena"]
[Black "Lalith, Babu M R"]
[Result "0-1"]
[WhiteTitle "FM"]
[BlackTitle "GM"]
[WhiteElo "2335"]
[BlackElo "2587"]
[WhiteFideId "5084822"]
[BlackFideId "5024595"]
[EventDate "2017.01.09"]

1. e4 e5 2. Nf3 Nc6 3. Bc4 Bc5 4. c3 Nf6 5. d3 O-O 6. O-O d5 7. exd5 Nxd5 8.
Nbd2 Nb6 9. Bb5 Bg4 10. h3 Bh5 11. Ne4 Bd6 12. Re1 Re8 13. Bg5 Qd7 14. Be3 a6
15. Bc4 Nxc4 16. dxc4 f5 17. Nxd6 cxd6 18. Qd5+ Bf7 19. Qd2 Qc7 20. Qc2 f4 21.
Bd2 h6 22. b3 Rad8 23. Rad1 Ne7 24. Bc1 Bg6 25. Qe2 Nf5 26. Nd2 Qf7 27. Ne4 Bh5
28. f3 Re6 29. c5 d5 30. Nd6 Qg6 31. Bxf4 Nh4 32. g4 Qf6 33. Qf2 Bf7 34. Nxf7
Kxf7 35. c4 d4 36. Bxe5 Nxf3+ 37. Qxf3 Qxf3 38. Rf1 Qxf1+ 39. Rxf1+ Kg6 40. Bd6
Rde8 0-1

[Event "15th Delhi Open 2017"]
[Site "New Delhi IND"]
[Date "2017.01.14"]
[Round "8.10"]
[White "Rajesh, V A V"]
[Black "Tukhaev, Adam"]
[Result "0-1"]
[WhiteTitle "IM"]
[BlackTitle "GM"]
[WhiteElo "2331"]
[BlackElo "2516"]
[WhiteFideId "5029317"]
[BlackFideId "14109476"]
[EventDate "2017.01.09"]
[EventType "swiss"]

1. d4 Nf6 2. c4 g6 3. Nc3 Bg7 4. e4 O-O 5. Nf3 d6 6. h3 e5 7. d5 Nh5 8. Be3 f5
9. Bd3 Qe8 10. O-O Nd7 11. Nb5 Ndf6 12. Ng5 Qe7 13. exf5 a6 14. fxg6 h6 15. Nh7
axb5 16. Nxf8 Bxf8 17. cxb5 Qe8 18. Rc1 e4 19. Be2 Qxg6 20. Kh1 Qf7 21. a4 Ng7
22. Bxh6 Nf5 23. Bxf8 Kxf8 24. Bc4 Bd7 25. Bb3 Rc8 26. Qe1 Ke7 27. Qd2 Rg8 28.
Qf4 Kd8 29. Rc3 Qg6 30. g4 Nd4 31. Bc4 Nf3 32. Qg3 Rh8 33. b6 Kc8 0-1

[Event "15th Delhi Open 2017"]
[Site "New Delhi IND"]
[Date "2017.01.14"]
[Round "8.11"]
[White "Movsziszian, Karen"]
[Black "Roy Chowdhury, Saptarshi"]
[Result "1/2-1/2"]
[WhiteTitle "GM"]
[BlackTitle "GM"]
[WhiteElo "2507"]
[BlackElo "2351"]
[WhiteFideId "13301152"]
[BlackFideId "5002974"]
[EventDate "2017.01.09"]
[EventType "swiss"]

1. g3 Nf6 2. Bg2 d5 3. Nf3 c6 4. O-O Bg4 5. d3 Nbd7 6. Nbd2 e6 7. h3 Bxf3 8.
Nxf3 Bc5 9. c4 dxc4 10. dxc4 a5 11. Qc2 Qc7 12. e3 O-O 13. b3 Rfe8 14. a3 Bf8
15. Rb1 Nc5 16. Bb2 e5 17. Rfd1 g6 18. b4 axb4 19. axb4 Na6 20. Bc3 c5 21. Qb2
Nd7 22. b5 Nb4 23. Rxd7 Qxd7 24. Nxe5 Rxe5 25. Bxe5 Nd3 26. Rd1 Qf5 27. Rxd3
Qxd3 28. Bxb7 Ra4 29. Bd5 Rb4 30. Qa2 Qd1+ 31. Kh2 Ra4 32. Qb2 Rb4 33. Qa2 Ra4
34. Qb2 1/2-1/2

[Event "15th Delhi Open 2017"]
[Site "New Delhi IND"]
[Date "2017.01.14"]
[Round "8.12"]
[White "Kurbonboeva, Sarvinoz"]
[Black "Deviatkin, Andrei"]
[Result "0-1"]
[WhiteTitle "WIM"]
[BlackTitle "GM"]
[WhiteElo "2274"]
[BlackElo "2499"]
[WhiteFideId "14201780"]
[BlackFideId "4121260"]
[EventDate "2017.01.09"]
[EventType "swiss"]

1. d4 d5 2. Bf4 Nf6 3. e3 Bg4 4. Nf3 c5 5. Nc3 Qa5 6. dxc5 Nc6 7. Be2 e6 8. O-O
Bxc5 9. a3 Qd8 10. b4 Bb6 11. Nb5 O-O 12. c4 a6 13. Nc3 dxc4 14. Bxc4 Qxd1 15.
Rfxd1 Rfc8 16. Na4 Ba7 17. Be2 e5 18. Bg3 b5 19. Nc5 Bxc5 20. bxc5 Ne4 21. Rac1
f6 22. h3 Nxg3 23. fxg3 Be6 24. Rd6 Kf7 25. Nd2 Ra7 26. g4 Ke7 27. Kf2 Na5 28.
Rb6 Rcc7 29. Bf3 Nc4 30. Nxc4 Rxc5 31. Nxe5 Rxc1 32. Nc6+ Rxc6 33. Bxc6 Bd7 34.
Be4 a5 35. Bf5 Bxf5 36. gxf5 b4 37. axb4 a4 38. Rc6 a3 39. Rc1 a2 40. Ra1 Kd6
41. Ke2 Kd5 42. Kd3 Ra3+ 43. Kc2 Kc4 44. Kb2 Kxb4 45. e4 Rb3+ 46. Kxa2 Ra3+ 47.
Kb2 Rxa1 48. Kxa1 Kc3 49. Kb1 0-1

[Event "15th Delhi Open 2017"]
[Site "New Delhi IND"]
[Date "2017.01.14"]
[Round "8.13"]
[White "Neverov, Valeriy"]
[Black "Kathmale, Sameer"]
[Result "1/2-1/2"]
[WhiteTitle "GM"]
[BlackTitle "IM"]
[WhiteElo "2478"]
[BlackElo "2313"]
[WhiteFideId "14100150"]
[BlackFideId "5024498"]
[EventDate "2017.01.09"]
[EventType "swiss"]

1. d4 d5 2. c4 c6 3. Nf3 Nf6 4. Nc3 dxc4 5. a4 Bf5 6. e3 e6 7. Bxc4 Nbd7 8. O-O
Bg6 9. Qb3 Qc7 10. e4 Be7 11. Re1 O-O 12. Bg5 e5 13. dxe5 Nxe5 14. Nxe5 Qxe5 15.
Bh4 Nh5 16. Bxe7 Qxe7 17. g3 Nf6 18. e5 Ng4 19. Qa3 Qc7 20. Qd6 Qb6 21. Re2 Rad8
22. a5 Qd4 23. Qxd4 Rxd4 24. Ra4 Rfd8 25. e6 fxe6 26. Bxe6+ Bf7 27. Bxg4 Rxa4
28. Nxa4 Rd4 29. Nc5 Rxg4 30. f4 b6 31. Nd7 Rg6 32. Re7 bxa5 33. Ne5 Rf6 34.
Rxa7 Bd5 35. Rxa5 Rf8 36. Nd7 Re8 37. Kf2 Re4 38. Ra8+ Kf7 39. Ne5+ Kf6 40. Rb8
g5 41. Nd3 h6 42. Rb6 Kf5 43. fxg5 hxg5 44. b3 Re8 45. Rb4 Re4 46. Rb8 Re7 47.
Nc5 Kg4 48. Rh8 Rf7+ 49. Ke2 Rf3 50. b4 Rc3 51. Kd2 Ra3 52. Nd3 Kf3 53. Rf8+ Kg2
54. h4 g4 55. h5 Kxg3 56. h6 Ra7 57. Nf4 Rh7 58. Rf6 Kh2 59. b5 cxb5 60. Nxd5 g3
61. Ne3 g2 62. Rf2 Rxh6 63. Rxg2+ Kh3 64. Rg1 Rf6 65. Rb1 b4 66. Rxb4 1/2-1/2

[Event "15th Delhi Open 2017"]
[Site "New Delhi IND"]
[Date "2017.01.14"]
[Round "8.14"]
[White "Shyaamnikhil, P"]
[Black "Sammed Jaykumar, Shete"]
[Result "1/2-1/2"]
[WhiteTitle "IM"]
[WhiteElo "2446"]
[BlackElo "2282"]
[WhiteFideId "5024218"]
[BlackFideId "5073421"]
[EventDate "2017.01.09"]
[EventType "swiss"]

1. e4 e5 2. Nf3 Nc6 3. Bb5 a6 4. Bxc6 dxc6 5. O-O Qf6 6. d4 exd4 7. Bg5 Qd6 8.
Nxd4 Bd7 9. Nc3 Be7 10. Be3 O-O-O 11. Qf3 Qg6 12. Nf5 Bf6 13. Na4 Ne7 14. Ng3
Qg4 15. Qxg4 Bxg4 16. f3 Be6 17. Nh5 b6 18. f4 Bd4 19. Bxd4 Rxd4 20. Nc3 Bg4 21.
Ng3 h5 22. f5 h4 23. Nh1 f6 24. Nf2 Bh5 25. Nd3 c5 26. Rf4 Bf7 27. Ne1 Nd5 28.
Rg4 Nxc3 29. bxc3 Ra4 30. Rxg7 Rxa2 31. Rc1 Be8 32. Nd3 Ba4 33. e5 Bxc2 34. Rxc2
Rxc2 35. exf6 Kb7 36. f7 Rd8 37. h3 Rxd3 38. f8=Q Rd1+ 39. Kh2 Rcc1 40. Rxc7+
Kxc7 41. Qe7+ Kc6 42. Qe8+ Kc7 43. Qe5+ Kc6 44. Qe8+ Kc7 45. Qe7+ Kc6 46. Qe8+ 1/2-1/2

[Event "15th Delhi Open 2017"]
[Site "New Delhi IND"]
[Date "2017.01.14"]
[Round "8.15"]
[White "Nitin, S."]
[Black "Aradhya, Garg"]
[Result "0-1"]
[WhiteTitle "IM"]
[WhiteElo "2427"]
[BlackElo "2230"]
[WhiteFideId "5018277"]
[BlackFideId "25006746"]
[EventDate "2017.01.09"]
[EventType "swiss"]

1. e4 e5 2. Nf3 Nc6 3. Nc3 Nf6 4. Bb5 Bd6 5. a3 Nd4 6. O-O O-O 7. d3 c6 8. Bc4
Bc5 9. Ba2 d5 10. h3 dxe4 11. dxe4 Qe7 12. Ne1 b6 13. Nd3 Ba6 14. b4 Bd6 15. Be3
Rad8 16. Qb1 Rd7 17. Re1 Bb8 18. Nc1 Rfd8 19. Qb2 h6 20. a4 Bd6 21. b5 Bb7 22.
Nd3 cxb5 23. axb5 Rc8 24. Bxd4 exd4 25. Nd5 Nxd5 26. Bxd5 Bxd5 27. exd5 Qf6 28.
Ra4 Rdc7 29. Re2 Rc3 30. Rxa7 Qf5 31. f4 Bxf4 32. Nxf4 Qxf4 33. Ra4 Qf6 34. Rd2
Re8 35. Ra1 Qg5 36. Rd3 Re2 0-1

[Event "15th Delhi Open 2017"]
[Site "New Delhi IND"]
[Date "2017.01.14"]
[Round "8.16"]
[White "Vignesh, N R"]
[Black "Pranav, Shetty"]
[Result "1/2-1/2"]
[WhiteTitle "IM"]
[WhiteElo "2414"]
[BlackElo "2199"]
[WhiteFideId "25012215"]
[BlackFideId "5035058"]
[EventDate "2017.01.09"]
[EventType "swiss"]

1. e4 c5 2. c3 Nf6 3. e5 Nd5 4. Nf3 d6 5. d4 cxd4 6. cxd4 Nc6 7. Bc4 dxe5 8.
Bxd5 Qxd5 9. Nc3 Qd6 10. d5 Nd4 11. Nxd4 exd4 12. Qxd4 e5 13. Qc4 Bd7 14. O-O
Be7 15. Re1 O-O 16. Qe2 Rfe8 17. Be3 a6 18. f3 b5 19. Red1 f5 20. a3 Qg6 21.
Rac1 Bd6 22. Qf2 a5 23. Bc5 b4 24. Nb1 e4 25. fxe4 fxe4 26. Bxd6 Qxd6 27. Qe3 1/2-1/2

[Event "15th Delhi Open 2017"]
[Site "New Delhi IND"]
[Date "2017.01.14"]
[Round "8.17"]
[White "Shashikant, Kutwal"]
[Black "Ravi, Teja S."]
[Result "1/2-1/2"]
[BlackTitle "IM"]
[WhiteElo "2257"]
[BlackElo "2388"]
[WhiteFideId "5006520"]
[BlackFideId "5017220"]
[EventDate "2017.01.09"]
[EventType "swiss"]

1. e4 c6 2. d4 d5 3. e5 Bf5 4. Nf3 e6 5. Be2 Ne7 6. O-O c5 7. Be3 cxd4 8. Nxd4
Nbc6 9. c4 Nxd4 10. Bxd4 dxc4 11. Qa4+ Nc6 12. Bf3 Qd7 13. Rd1 Bd3 14. Be3 Nb4
15. Qxd7+ Kxd7 16. b3 Rd8 17. Na3 Kc8 18. Bxa7 Nc6 19. Nb5 Nxe5 20. bxc4 Be7 21.
Bb6 Rd7 22. Rac1 Nxf3+ 23. gxf3 e5 24. Na7+ Kb8 25. c5 Bg5 26. c6 bxc6 27. Nxc6+
Kb7 28. Nxe5 Rd5 29. Be3 Bxe3 30. fxe3 Rhd8 31. Nc6 Rc8 32. Nb4 Rg5+ 33. Kf2
Rxc1 34. Rxc1 Bg6 35. Rd1 Rh5 36. Kg3 Rg5+ 37. Kf2 Rh5 1/2-1/2

[Event "15th Delhi Open 2017"]
[Site "New Delhi IND"]
[Date "2017.01.14"]
[Round "8.19"]
[White "Neelotpal, Das"]
[Black "Sadhwani, Raunak"]
[Result "1-0"]
[WhiteTitle "GM"]
[BlackTitle "CM"]
[WhiteElo "2462"]
[BlackElo "2246"]
[WhiteFideId "5003512"]
[BlackFideId "35093487"]
[EventDate "2017.01.09"]
[EventType "swiss"]

1. e4 c6 2. Nf3 d5 3. exd5 cxd5 4. Ne5 Nf6 5. d4 e6 6. c3 Bd6 7. Bg5 O-O 8. Bd3
Nbd7 9. Nxd7 Bxd7 10. Nd2 Be7 11. Qe2 Ne8 12. Bxe7 Qxe7 13. f4 Nd6 14. O-O Qe8
15. Qe5 Bb5 16. Bxb5 Nxb5 17. f5 f6 18. Qg3 Qd7 19. fxe6 Qxe6 20. Rae1 Qd7 21.
Re2 Nc7 22. Ref2 Kh8 23. Nf3 Rfe8 24. Ne5 Qe6 25. Nd3 Nb5 26. Re1 Qd7 27. Rfe2
Nd6 28. Qxd6 1-0

[Event "15th Delhi Open 2017"]
[Site "New Delhi IND"]
[Date "2017.01.14"]
[Round "8.20"]
[White "Sidhant, Mohapatra"]
[Black "Hesham, Abdelrahman"]
[Result "0-1"]
[BlackTitle "GM"]
[WhiteElo "2267"]
[BlackElo "2418"]
[WhiteFideId "5028698"]
[BlackFideId "10600183"]
[EventDate "2017.01.09"]
[EventType "swiss"]

1. e4 c5 2. Nf3 d6 3. d4 cxd4 4. Nxd4 Nf6 5. Nc3 a6 6. g3 e5 7. Nde2 b5 8. Nd5
Bb7 9. Be3 Nbd7 10. Nec3 Be7 11. Bg2 O-O 12. a4 b4 13. Nxb4 Qa5 14. Nd3 d5 15.
exd5 Nxd5 16. Bd2 Ne3 17. fxe3 Bxg2 18. Rg1 Bb7 19. Qe2 Qc7 20. e4 Nb6 21. b3 f5
22. a5 Nd7 23. Nb2 Kh8 24. Nc4 fxe4 25. O-O-O e3 26. Bxe3 Bf3 27. Qd3 Nc5 28.
Bxc5 Bxc5 29. Rde1 Rad8 30. Qf1 Bg4 31. Rxe5 Rxf1+ 32. Rxf1 Bd4 33. Re4 h5 34.
Na4 Qc6 35. Re7 Be6 36. Nab6 Bxb6 37. axb6 Bxc4 38. bxc4 0-1

[Event "15th Delhi Open 2017"]
[Site "New Delhi IND"]
[Date "2017.01.14"]
[Round "8.21"]
[White "Arjun, Kalyan"]
[Black "Mohammad, Nubairshah Shaikh"]
[Result "1/2-1/2"]
[BlackTitle "IM"]
[WhiteElo "2269"]
[BlackElo "2412"]
[WhiteFideId "35018701"]
[BlackFideId "5053196"]
[EventDate "2017.01.09"]
[EventType "swiss"]

1. e4 c5 2. Nf3 e6 3. d4 cxd4 4. Nxd4 a6 5. Bd3 Bc5 6. Nb3 Be7 7. O-O d6 8. Qg4
Bf6 9. Nc3 Nc6 10. Qg3 Nge7 11. Bg5 Bxg5 12. Qxg5 O-O 13. f4 b5 14. Rad1 Bb7 15.
Kh1 f5 16. e5 h6 17. Qh5 b4 18. exd6 Nc8 19. Nc5 Nxd6 20. Bc4 Qa5 21. Bxe6+ Kh8
22. Nxb7 Nxb7 23. Nd5 Nd6 24. Bd7 Nb8 25. Ne7 Nxd7 26. Ng6+ Kg8 27. Nxf8 Nf6 28.
Qg6 Rxf8 29. Rxd6 Qxa2 30. Qxf5 Qxb2 31. Rxa6 Qd4 32. Qe6+ Kh8 33. Qd6 Rd8 34.
Qxd4 Rxd4 35. g3 Rd2 36. Rb1 Rxc2 37. Rxb4 Ng4 38. Ra8+ Kh7 39. Ra7 Rc1+ 40. Kg2
Rc2+ 41. Kf3 Nxh2+ 42. Ke4 Rg2 43. Rb3 Nf1 44. Rbb7 Rxg3 45. f5 Rg4+ 46. Kd3 Ng3
47. f6 Nh5 48. f7 Nf4+ 49. Ke3 Ng6 50. Rb6 Rg3+ 51. Kf2 Rg5 52. Rf6 Nf8 53. Rf3
g6 54. Ke3 Kg7 55. Ke4 h5 56. Ra8 Rb5 57. Ra7 Rg5 1/2-1/2

[Event "15th Delhi Open 2017"]
[Site "New Delhi IND"]
[Date "2017.01.14"]
[Round "8.22"]
[White "Harikrishnan, A. Ra"]
[Black "Das, Sayantan"]
[Result "1/2-1/2"]
[BlackTitle "IM"]
[WhiteElo "2259"]
[BlackElo "2371"]
[WhiteFideId "5081483"]
[BlackFideId "5034426"]
[EventDate "2017.01.09"]
[EventType "swiss"]

1. e4 c5 2. Nf3 d6 3. Bb5+ Nd7 4. d4 cxd4 5. Qxd4 a6 6. Bxd7+ Qxd7 7. c4 e5 8.
Qd3 f5 9. Nc3 Nf6 10. Bg5 fxe4 11. Nxe4 Nxe4 12. Qxe4 h6 13. Be3 Qg4 14. Nd2
Qxe4 15. Nxe4 Bf5 16. f3 Rc8 17. b3 b5 18. Rd1 Rc6 19. cxb5 axb5 20. Rd5 b4 21.
O-O Be6 22. Rb5 Kd7 23. f4 d5 24. Nc5+ Bxc5 25. Bxc5 e4 26. Bd4 Ra8 27. f5 Bf7
28. Rb7+ Ke8 29. Bxg7 Rxa2 30. Rb8+ Kd7 31. Rb7+ Rc7 32. Rxc7+ Kxc7 33. Ra1 Ra3
34. Rxa3 bxa3 35. Kf2 a2 36. Ke3 h5 37. g3 Kc6 38. h3 Kc5 39. Bc3 Be8 40. g4
hxg4 41. hxg4 Bd7 42. Be5 Kb4 43. Kd2 Kxb3 44. Ba1 Kc4 45. Ke3 Kc5 46. Bd4+ Kd6
47. Kf4 Ke7 48. Be5 Kf7 49. Bd4 Bc8 50. Bc3 Ke7 51. Be5 Bd7 52. Ke3 Kf7 53. Kf4
Ba4 54. Bd4 Bd1 55. g5 Ba4 56. g6+ Kg8 57. f6 Be8 58. f7+ Bxf7 59. gxf7+ Kxf7
60. Bc3 Ke6 61. Bd4 Kd6 62. Ke3 Kc6 63. Be5 Kc5 64. Bd4+ Kc4 65. Ba1 Kb3 66. Kd2
Kc4 67. Ke3 Kb3 68. Kd2 e3+ 69. Kxe3 Kc2 70. Kd4 Kb1 71. Bc3 a1=R 72. Bxa1 Kxa1
73. Kxd5 1/2-1/2